00871nam a22002417a 45000010005000000030006000050050017000110080041000280200018000690400029000870500016001160820011001321000016001432450054001592500042002132600043002553000047002985050007003455200185003525210027005375210018005646500047005827699FISKH20250731132546.0250731b cb ||||| |||| 00| 0 eng d a9781848797208 aFISKHbengcFISKHdFISKH aPZ8.P1493 L a398.2  aPage, Nick  aLittle Mermaid /cIllustrations by Katie Saunders aThis edition first published in 2010  aNew York : bCastle Stree Press,c2007 a31 pages : bcolor illustrations ; c23 cm aG  aRetells the classic fairy tale in which a sea princess longs to be human so she can be with the prince she loves, and includes a picture dictionary and other resources for readers.8 a380 bLexile estimate 8 aG bRaz-Plus  aFairy Talesvpicture BookxFamily Literacy